00796nam a2200205Ia 4500003000900000008004100009020001800050040001600068080002300084111007300107245018400180260005100364300001600415490003900431650004100470650001700511650000900528700002700537700002600564IN-BaIIA211028s9999 xx 000 0 eng d a0-88318-770-1 cIIA Library a523.34(082.2)bAST aAmerican Institute of Physics Conference ProceedingscMarylandd1990 0aAstrophysics from the moonbAIP conference proceedings held in Annapolis, Maryland, 1990cedited by Michael J. Mumma and Harlan J. Smith  aNew York,bAmerican Institute of Physicsc1990 axxxi, 656p. aAIP conference proceedings; v. 207 aAstronomy and Astrophysics Thesaurus aAstrophysics aMoon aMumma, Michael J., ed. aSmith, Harlan J., ed.